000 00580nam a2200229Ia 4500
003 OSt
005 20220924143419.0
006 a|||||r|||| 00| 0
007 ta
008 220923b |||||||| |||| 00| 0 urd d
024 _a308086
037 _cTextual
040 _aARTS
_cARTS
_burd
041 _2urd
_aurd
082 _aDelta73y7F05, 168M3
100 _aMohd. Hasan
245 0 _aHaqiqat-e-gulzaar Saabri
260 _c1983
650 _aSPIRurdALISM
942 _hDelta73y7F05, 168M3
_cTEXL
_2CC
999 _c454381
_d454381